00330 a2200097 450000500170000008200160001710000190003324500790005226000460013130000550017720250621101933.0 a331.297 MAU aMAUNDER, W. F. aEmployment in an Underdeveloped Area: A Sample Survey of Kingdom, Jamaica. aNew Haven,bYale University Press,c1960. aviii, 215p.: ill.; tablebIndex & Referencesc22cm